MARC-Details
| 000 -Satzkennung |
| Kontrollfeld mit fester Länge |
01503namaa2200397Ia 4500 |
| 001 - Kontrollnummer |
| Kontrollfeld |
MIU01100000000000000000976 |
| 003 - Kontrollnummer Identifier |
| Kontrollfeld |
MiU |
| 005 - Datum und Zeit der letzten Transaktion |
| Kontrollfeld |
20231010141641.0 |
| 008 - Feld mit fester Länge zur physischen Beschreibung - Allgemeine Angaben |
| Kontrollfeld mit fester Länge |
180507s2016 nyu sb 001 0 eng d |
| 007 - Feld mit fester Länge zur physischen Beschreibung - Allgemeine Information |
| Kontrollfeld mit fester Länge |
cr mnummmmuuuu |
| 040 ## - Katalogisierungsquelle |
| Original-Katalogisierungsstelle |
MiU |
| Übertragungsstelle |
MiU |
| 024 7# - Anderer Standardidentifier |
| Standardnummer oder Code |
2027/heb33782 |
| Quelle der Nummer oder des Codes |
hdl |
| 090 ## - LOCALLY ASSIGNED LC-TYPE CALL NUMBER (OCLC); LOCAL CALL NUMBER (RLIN) |
| Notation (OCLC) (R) ; Notation, CALL (RLIN) (NR) |
B3209.B584 |
| Local cutter number (OCLC) ; Book number/undivided call number, CALL (RLIN) |
(INTERNET) |
| 041 ## - Sprachcode |
| Sprachcode des Textes/der Tonspur oder des separaten Titels |
eng |
| 245 00 - Titel |
| Titel |
Walter Benjamin and theology |
| Medium |
[electronic resource] / |
| Verfasserangabe etc. |
Colby Dickinson and Stéphane Symons, editors. |
| 250 ## - Ausgabebezeichnung |
| Ausgabebezeichnung |
1st ed. |
| 264 ## - Produktion, Veröffentlichung, Distribution, Herstellung und Urheberrechtsvermerk |
| Herstellungs-, Veröffentlichungs- Vertriebs-, Erzeugungsort |
New York : |
| Produzent, Herausgeber, Distributor, Hersteller |
Fordham University Press, |
| Datum der Herstellung, der Veröffentlichung, des Vertriebs oder des Urheberschutzvermerks |
2016. |
| 300 ## - Physische Beschreibung |
| Umfang |
viii, 329 p. ; |
| Maße |
24 cm. |
| 336 ## - Inhaltstyp |
| Quelle |
rdacontent |
| Inhaltstypcode |
txt |
| Inhaltstypterm |
Text |
| 337 ## - Medientyp |
| Quelle |
rdamedia |
| Medientypcode |
bc |
| Bezeichnung des Medientyps |
Computermedien |
| 338 ## - Datenträgertyp |
| Quelle |
rdacarrier |
| Datenträgertypcode |
cr |
| Datenträgertypbezeichnung |
Online Ressource |
| 490 1# - Gesamttitelangabe |
| Gesamttitelangabe |
Perspectives in continental philosophy |
| 504 ## - Fußnote zu Literaturverzeichnissen usw. |
| Fußnote zu Bibliographien usw. |
Includes bibliographical references and index. |
| 588 ## - Anmerkung zur Ausgabe, zum Teil oder zur Iteration, die/der als Grunlage für die Identifizierung der Ressource verwendet wird |
| Anmerkung zur Ausgabe, zum Teil oder zur Iteration, die/der als Grunlage für die Identifizierung der Ressource verwendet wird |
Description based on print version. |
| 500 ## - Allgemeine Fußnote |
| Allgemeine Fußnote |
E-Book-ACLS / Zugriff nur im DHI-Lesesaal |
| 500 ## - Allgemeine Fußnote |
| Allgemeine Fußnote |
American Council of Learned Societies/ https://www.humanitiesebook.org/about/ |
| 600 10 - Nebeneintragung unter einem Schlagwort - Personenname |
| Personenname |
Benjamin, Walter, |
| Datumsangaben in Verbindung mit einem Namen |
1892-1940. |
| Koha-Normdatenidentnummer |
55472 |
| 653 ## - Indexierungsterm - Nicht normiert |
| Nicht-normierter Term |
Religion. |
| 700 1# - Nebeneintragung - Personenname |
| Personenname |
Dickinson, Colby. |
| Koha-Normdatenidentnummer |
55473 |
| 700 1# - Nebeneintragung - Personenname |
| Personenname |
Symons, Stéphane |
| Titel und andere Wörter in Verbindung mit einem Namen |
(Philosopher) |
| Koha-Normdatenidentnummer |
55474 |
| 830 #0 - Nebeneintragung unter dem Gesamttitel - Einheitstitel |
| Einheitstitel |
Fordham Perspectives in Continental Philosophy. |
| Koha-Normdatenidentnummer |
55475 |
| 830 #0 - Nebeneintragung unter dem Gesamttitel - Einheitstitel |
| Einheitstitel |
ATLA Special Series. 0 |
| -- |
ACLS Humanities E-Book. |
| Koha-Normdatenidentnummer |
55476 |
| 830 #0 - Nebeneintragung unter dem Gesamttitel - Einheitstitel |
| Einheitstitel |
Perspectives in continental philosophy. |
| Koha-Normdatenidentnummer |
55477 |
| 856 40 - Elektronische Adresse und Zugriff |
| OPAC-Notiz |
Volltext |
| URL |
<a href="https://hdl.handle.net/2027/heb33782">https://hdl.handle.net/2027/heb33782</a> |
| 942 ## - Zusätzliche Felder (Koha) |
| Koha-Medientyp |
E-Books |